000 00358nam a22001337a 4500
008 260601b |||||||| |||| 00| 0 eng d
020 _a9789381275146
082 _a001839
100 _aPrahladachar D
245 _aGita Bhashyam of Sri Madhawacharya Vol No 1
260 _aBangalore
_bPoornaprajna Samshodhana Mandiram
_c2012
300 _a638p
942 _2ddc
999 _c1507
_d1507